000
00366nam a2200145Ia 4500
008
090122s9999 xx 000 0 und d
082
_b
5121
_a
641.5
100
_a
दुर्गा
_b
भागवत
245
_a
खमंग
600
_a
दुर्गा
630
_a
खमंग
700
_a
दुर्गा
730
_a
खमंग
942
_c
BOOK
999
_c
29199
_d
29199